| Tag |
First Indicator |
Second Indicator |
Subfields |
| LEADER |
00000cam a2200000 4500 |
| 001 |
in00000078302 |
| 005 |
20151008060721.0 |
| 008 |
721110s1972 au i 00110 eng |
| 010 |
|
|
|a 72193293
|
| 015 |
|
|
|a Au***
|
| 035 |
|
|
|a (OCoLC)00553852
|
| 035 |
|
|
|9 AAJ6412AM
|
| 037 |
|
|
|c $12.00 (U.S.)
|
| 040 |
|
|
|a DLC
|c DLC
|d TXA
|d UtOrBLW
|
| 049 |
|
|
|a TXAM
|c [1332346]
|
| 050 |
0 |
0 |
|a TK9006
|b .I476
|
| 082 |
0 |
|
|a 621.48/06
|
| 110 |
2 |
|
|a International Atomic Energy Agency.
|
| 245 |
1 |
0 |
|a Conference proceedings in the IAEA library. :
|b (Received 1957-1971).
|
| 264 |
|
1 |
|a Vienna,
|b [publisher not identified] ;
|c 1972.
|
| 300 |
|
|
|a 561 pages ;
|c 24 cm.
|
| 336 |
|
|
|a text
|b txt
|2 rdacontent
|
| 337 |
|
|
|a unmediated
|b n
|2 rdamedia
|
| 338 |
|
|
|a volume
|b nc
|2 rdacarrier
|
| 500 |
|
|
|a "STI/PUB/326."
|
| 650 |
|
0 |
|a Nuclear energy
|v Congresses
|x Indexes.
|
| 999 |
|
|
|a MARS
|
| 999 |
f |
f |
|s 772d432d-8b04-371b-b79e-77e2212423d1
|i d8bdbfb6-8cc1-35a9-9a16-4bbd7e937afa
|t 0
|
| 952 |
f |
f |
|p ric
|a Texas A&M University
|b Rellis Campus
|c Joint Library Facility
|d Remote Storage
|t 0
|e TK9006 .I476
|h Library of Congress classification
|i unmediated -- volume
|m A14806252775
|
| 952 |
f |
f |
|p normal
|a Texas A&M University
|b College Station
|c Sterling C. Evans Library
|d Evans: Library Stacks
|t 0
|e TK9006 .I476
|h Library of Congress classification
|i unmediated -- volume
|m A14805901965
|
| 998 |
f |
f |
|a TK9006 .I476
|t 0
|l Evans: Library Stacks
|
| 998 |
f |
f |
|a TK9006 .I476
|t 0
|l Remote Storage
|